Новое в учении о языке : (Record no. 540209)
[ view plain ]
| 000 -LEADER | |
|---|---|
| fixed length control field | 00840nam a2200205 a 4500 |
| 001 - CONTROL NUMBER | |
| control field | 001059550 |
| 003 - CONTROL NUMBER IDENTIFIER | |
| control field | AM-YEHGA |
| 005 - DATE AND TIME OF LATEST TRANSACTION | |
| control field | 20260406094157.0 |
| 008 - FIXED-LENGTH DATA ELEMENTS--GENERAL INFORMATION | |
| fixed length control field | 150216s1945 ru r 000 0 rus d |
| 040 ## - CATALOGING SOURCE | |
| Original cataloging agency | AM-YEHGA |
| 041 0# - LANGUAGE CODE | |
| Language code of text/sound track or separate title | rus |
| 100 1# - MAIN ENTRY--PERSONAL NAME | |
| Personal name | Мещанинов, Иван Иванович. |
| Dates associated with a name | 1883-1967 |
| 245 10 - TITLE STATEMENT | |
| Title | Новое в учении о языке : |
| Remainder of title | Речь на торжественном заседании Юбилейной сессии Академии наук СССР / |
| Statement of responsibility, etc. | И.И. Мещанинов. |
| 260 ## - PUBLICATION, DISTRIBUTION, ETC. | |
| Place of publication, distribution, etc. | Москва ; |
| -- | Ленинград : |
| Name of publisher, distributor, etc. | Изд-во АН СССР, |
| Date of publication, distribution, etc. | 1945. |
| 300 ## - PHYSICAL DESCRIPTION | |
| Extent | 12 с. ; |
| Dimensions | 26 см. |
| 440 #0 - SERIES STATEMENT/ADDED ENTRY--TITLE | |
| Title | Академия наук СССР. 220 лет. 1725-1945 |
| 650 14 - SUBJECT ADDED ENTRY--TOPICAL TERM | |
| Topical term or geographic name entry element | Теория и философия языка |
| 650 14 - SUBJECT ADDED ENTRY--TOPICAL TERM | |
| Topical term or geographic name entry element | Языкознание |
| 942 ## - ADDED ENTRY ELEMENTS (KOHA) | |
| Source of classification or shelving scheme | Universal Decimal Classification |
| Koha item type | Գրքեր / Books |
| Withdrawn status | Lost status | Damaged status | Not for loan | Collection | Home library | Current library | Date acquired | Total checkouts | Full call number | Barcode | Date last seen | Price effective from | Koha item type | Public note |
|---|---|---|---|---|---|---|---|---|---|---|---|---|---|---|
| Kusikian Individual Collection | Fundamental Scientific Library | Fundamental Scientific Library | 07/01/2026 | Кус/5976 | FL0700346 | 07/01/2026 | 07/01/2026 | Գրքեր / Books | ILL Non-Circ. | |||||
| Kusikian Individual Collection | Fundamental Scientific Library | Fundamental Scientific Library | 07/01/2026 | Кус/5977 | FL0700347 | 07/01/2026 | 07/01/2026 | Գրքեր / Books | ILL Non-Circ. | |||||
| Gharibyan individual Collection | Fundamental Scientific Library | Fundamental Scientific Library | 21/01/2026 | Гар/1438 | FL0701786 | 21/01/2026 | 21/01/2026 | Գրքեր / Books | ILL Non-Circ. |
ՀՀ Գիտությունների ազգային ակադեմիայի հիմնարար գիտական գրադարան = Fundamental Scientific Library of NAS RA
All site content, except where otherwise noted, is licensed under a